| 000 | 00655cam a2200217 a 4500 | ||
|---|---|---|---|
| 001 | 000018934 | ||
| 005 | 20200929165903.0 | ||
| 008 | 760525s1973 xxca 000 0 fre d | ||
| 040 |
_aDO-SdBNP _bfre _cLC _dBNPHU |
||
| 082 |
_a843.914 _bD814m |
||
| 100 | 1 |
_aDubé, Marcel, _d1930- _940277 |
|
| 245 | 1 | 0 |
_aManuel : _btexte dramatique en quatre parties / _cMarcel Dubé. |
| 260 |
_a[Ottawa] : _bLemeac, _c1973. |
||
| 300 |
_a148 p. : _bil. ; _c20 cm. |
||
| 490 | 1 | _aLes Beaux Textes | |
| 650 | 4 |
_aNovela francesa _91075 |
|
| 650 | 4 |
_aLiteratura francesa _91074 |
|
| 830 | 0 |
_aLes Beaux Textes _940747 |
|
| 910 | _aCatalogación derivada / LC | ||
| 049 | _aBNGR | ||
| 999 |
_c18452 _d18452 |
||